00422cam a2200169ua 45000010005000000080039000050400009000440410008000530820010000611000032000712450051001032500009001542600037001633000010002006530029002106530013002397447141210n ii |||gr||||Z||||||ben cMAIN aben a294.5 aPrajnanananda, S.,eAuthor.1 aTantratatba prabeshikacBy Swami Prajnanananda a1st. aCalcutta:bSriramkrishna,c1988. a194p. aReligions ofIndic origin aHinduism